Best German Players in FIFA 23 - Statistics

General Stats
  • This quiz has been taken 43 times
  • The average score is 7 of 15
Answer Stats
Position Rating Answer % Correct
GK 90 Manuel Neuer
100%
CAM 87 Thomas Müller
93%
CDM 89 Joshua Kimmich
85%
LM 84 Leroy Sane
83%
CB 87 Antonio Rüdiger
78%
RM 85 Serge Gnabry
73%
CM 88 Toni Kroos
68%
ST 82 Kevin Volland / Timo Werner
63%
LWB 82 Robin Gosens
43%
RWB 77 Benjamin Henrichs
23%
CF 80 Max Kruse
18%
LW 79 Julian Draxler
13%
LB 80 Christian Günter
5%
RB 75 Benno Schmitz
3%
RW 74 Khaled Narey
3%
No matching quizzes found
Score Distribution
Percent of People with Each Score
Percentile by Number Answered
Your Score History
You have not taken this quiz